| 000 | 00473cam a2200169ua 4500 | ||
|---|---|---|---|
| 020 | _c1.00 | ||
| 041 |
_amal _h |
||
| 082 |
_a894.8121 _bKRI/VA |
||
| 100 | _aKrishnan kutty poduval, Kalamandalam . | ||
| 245 |
_aVadakkan rajasooyam / _cKalamandalam Krishnan kutty poduval. _hTextual Documents |
||
| 260 |
_aCheruthuruthy : _bKerala kalamandalam academy of arts , _c1964. |
||
| 300 | _a75 ; . | ||
| 365 | _a1.00 | ||
| 504 | _a | ||
| 942 | _cBK | ||
| 999 |
_c5057 _d5057 |
||